Notice sur l'histoire des prisons et de la réforme pénitentiaire en Russie / (Record no. 164465)
[ view plain ]
| 000 -LEADER | |
|---|---|
| campo de control de longitud fija | 01015nam a2200205 i 4500 |
| 001 - NÚMERO DE CONTROL | |
| campo de control | 164465 |
| 003 - IDENTIFICADOR DE NÚMERO DE CONTROL | |
| campo de control | ES-MaACL |
| 005 - FECHA Y HORA DE LA ÚLTIMA TRANSACCIÓN | |
| campo de control | 20250719062545.0 |
| 008 - DATOS DE LONGITUD FIJA--INFORMACIÓN GENERAL | |
| campo de control de longitud fija | 050829s1885 ru |||| | fre d |
| 100 1# - ENTRADA PRINCIPAL--NOMBRE DE PERSONA | |
| Nombre de persona | Salomon, A. |
| 9 (RLIN) | 132345 |
| 245 10 - MENCIÓN DEL TÍTULO | |
| Título | Notice sur l'histoire des prisons et de la réforme pénitentiaire en Russie / |
| Mención de responsabilidad, etc. | [A. Salomon]. |
| 260 ## - PUBLICACIÓN, DISTRIBUCIÓN, ETC. | |
| Lugar de publicación, distribución, etc. | St. Pétersbourg : |
| Nombre del editor, distribuidor, etc. | [s.n.], |
| Fecha de publicación, distribución, etc. | 1885. |
| 300 ## - DESCRIPCIÓN FÍSICA | |
| Extensión | 114 p. ; |
| Dimensiones | 20 cm. |
| 650 #4 - PUNTO DE ACCESO ADICIONAL DE MATERIA--TÉRMINO DE MATERIA | |
| Término de materia o nombre geográfico como elemento de entrada | Establecimientos penitenciarios- |
| Subdivisión geográfica | Rusia. |
| 9 (RLIN) | 143329 |
| 852 ## - LOCALIZACIÓN | |
| Ubicación | ES-MaACL |
| Número de control de estantería | D-261(6) |
| Sublocalización o colección | R.FOLL.10/6 |
| Ubicación en estantería | Sala Valle Inclán |
| itemnumber | 170722 |
| Signatura antigua | Olim:193-C-17 |
| Marcas de propiedad | Sello en tinta en portada: "Donativo del Sr. Lastres al Ateneo de Madrid. 1907" |
| Anotaciones manuscritas | Anotación manuscrita en portada: "Folletos penitenciarios. T. 17" |
| Donativo/Legado | Donación: Francisco Lastres y Juiz |
| Encuadernación | Encuadernación holandesa |
| -- | Encuadernado con otras obras formando un volumen facticio |
| 903 ## - NOMBRE PERSONAL DE DONANTE | |
| a | Lastres y Juiz, Francisco, |
| d | 1848-1918 |
| q | 1 |
| e | Donante |
| 9 | 70504 |
| 942 ## - ELEMENTOS DE ENTRADA SECUNDARIOS (KOHA) | |
| Fuente del sistema de clasificación o colocación | Clasificación decimal universal |
| Tipo de ítem Koha | Folleto |
| Estatus retirado | Estado de pérdida | Fuente del sistema de clasificación o colocación | Estado de daño | No para préstamo | Colección | Biblioteca de origen | Biblioteca actual | Ubicación en estantería | Fecha de adquisición | Fuente de adquisición | Total de préstamos | Signatura topográfica completa | Código de barras | Visto por última vez | Precio de reemplazo | Tipo de ítem Koha |
|---|---|---|---|---|---|---|---|---|---|---|---|---|---|---|---|---|
| Clasificación decimal universal | Colección de folletos | Biblioteca del Ateneo de Madrid | Biblioteca del Ateneo de Madrid | Sala Valle Inclán | 17/01/2008 | Donación | D-261(6) | 901172394 | 23/02/2023 | 23/02/2023 | Folleto |
